Deindustrialization and plant closure

Gardado en:
Detalles Bibliográficos
Autor Principal: Staudohar, Paul D.
Formato: Libro
Idioma:Undetermined
Publicado: Lexington Lexington Books 1987
Những chủ đề:
Các nhãn: Engadir etiqueta
Sen Etiquetas, Sexa o primeiro en etiquetar este rexistro!
Thư viện lưu trữ: Trung tâm Học liệu Trường Đại học Cần Thơ
LEADER 00511nam a2200181Ia 4500
001 CTU_82207
008 210402s9999 xx 000 0 und d
082 |a 338.6 
082 |b S798 
100 |a Staudohar, Paul D. 
245 0 |a Deindustrialization and plant closure 
245 0 |c Paul D. Staudohar, Holly E. Brown 
260 |a Lexington 
260 |b Lexington Books 
260 |c 1987 
650 |a Deindustrialization 
904 |i Trọng Hải 
980 |a Trung tâm Học liệu Trường Đại học Cần Thơ